000 00454ntaaa2200193 4500
003 01
005 20251027203133.0
008 0714s1973 ag 01
040 _aAR-BaBN
_bspa
_cAR-BaBN
_eaacr
_dRIC
082 _a786.4054 Sch8
100 _aSchuler, George S.
_94239
245 _aHymn tune medley No. 1
250 _a1 ed.
260 _aChicago :
_bMoody Press,
_cn.f.
300 _a5 p.
650 _aMusica
650 _aHimno
_932846
942 _cBK
999 _c26777
_d26777